000 00875nam a22002177a 4500
999 _c16296
_d16296
003 AR-CdUCM
008 190503b ||||| |||| 00| 0 spa d
020 _a950-0097-00-1
040 _aMUNICIPALIDAD PROVINCIAL DEL CUSCO
_cBIBLIOTECA MUNICIPAL DEL CUSCO
082 _a621.4 /
_bR61
100 _aInglis, David Rittenhouse
_935657
245 _aLa energía eólica /
260 _aBuenos Aires :
_bEdit.Fraterna,
_c1981.
300 _a304 paginas ;
_c23 cm.
505 _aContenido :Experiencia del pasado con la energía eólica --La mecánica de la conversión viento-energía --Instalaciones pequeñas de energía eólica --Maquinas e instalaciones grandes de energía eólica ...
650 _aEnergía eólica
_935658
650 _aRecursos energéticos
_935659
710 _aThe University of Michigan
_935660
942 _2ddc
_cLIBROS
945 _arjall
_d2019-05-03